000 00917nam a2200277 c 4500
999 _c96251
_d96251
003 BLK
005 20220802131608.0
008 180409b bul|||||r ||||||| ||bul||
010 _aKNG00101138000
040 _aBLK
041 _aBUL
_cBUL
080 _aБългарска литература
_b821.163.2
_x-32
_z821.163.2-32
100 1 _aВазов, Иван Минчов
_eпърви автор
_9363396
139 _aВазов, Иван Минчов
_bВ 15
245 1 0 _aНемили-недраги
_bПовест
_cИван Минчов Вазов.
257 _aBGR
260 _aСофия
_bБълг. писател
_c1972
300 _a115 с.
_c19 см
380 _aX
490 _aБиблиотека за ученика
_9201322
852 _aЦб 62548
_bЦб
856 4 _qpdf
856 4 _qpdf
942 _cKNG
_n0
_01
_s1
944 _aCR
_c01.01.1999
_kМилена_Ачева
944 _aED
_c2022-08-02
999 _d96251